BIBLIOTECA PODER JUDICIAL
Portal Judicial TDF

Técnica de los recursos ordinarios / (Registro nro. 1417)

000 -LEADER
fixed length control field 01828nam a22002417a 4500
003 - CONTROL NUMBER IDENTIFIER
control field OSt
005 - DATE AND TIME OF LATEST TRANSACTION
control field 20180911065806.0
008 - FIXED-LENGTH DATA ELEMENTS--GENERAL INFORMATION
fixed length control field 180220b xxu||||| |||| 00| 0 spa d
020 ## - INTERNATIONAL STANDARD BOOK NUMBER
International Standard Book Number 9505360134
040 ## - CATALOGING SOURCE
Transcribing agency PJ
100 ## - ASIENTO PRINCIPAL - NOMBRE DE PERSONA
Personal name Hitters, Juan Carlos
9 (RLIN) 120
245 10 - MENCIÓN DE TÍTULO
Título propiamente dicho Técnica de los recursos ordinarios /
Mención de responsabilidad, etc Juan Carlos Hitters.
260 ## - PUBLICATION, DISTRIBUTION, ETC. (IMPRINT)
Place of publication, distribution, etc Buenos Aires :
Date of publication, distribution, etc Lep,
Name of publisher, distributor, etc 1988.
300 ## - DESCRIPCION FISICA
Extent 641 P.
Dimensions 23 cm.
500 ## - NOTA GENERAL
General note Notas y citas bibliográficas a pie de página.
505 ## - FORMATTED CONTENTS NOTE
Formatted contents note Contenido:<br/> Teoría general de la impugnación -- Concepto. Clasificación de los recursos -- Propedéutica recursiva -- Efectos de los recursos - Aclaratoria. Principios rectores -- Aclaratoria ( continuación). Motivos y limitaciones -- El recurso de reposición. Generalidades -- El recurso de reposición ( continuación). Trámite. La apelación en subsidio -- Apelación. Generalidades. Análisis histórico- comparatista -- Admisibilidad de la apelación. Resoluciones apelables e inapelables -- Procedencia de la apelación. Legitimación. Agravios. Remisión -- Efectos de la apelación. Efecto suspensivo y devolutivo. El efectos diferido. Formas de conceder la apelación. En relación y libre -- Objeto de la apelación. Límites del tribunal de alzada -- Procedimiento en segunda instancia. Fase introductoria. Trámite del recurso de apelación -- Procedimiento en segunda instancia (continuación). Fase probatoria y decisoria -- El recurso de nulidad -- El mal llamado "recurso " de consulta -- Apelación ordinaria ante la Corte Suprema Nacional -- El recurso de queja.
650 #0 - ASIENTO SECUNDARIO DE MATERIA - TERMINO TEMATICO
9 (RLIN) 267
Topical term or geographic name as entry element DERECHO PROCESAL
650 #0 - ASIENTO SECUNDARIO DE MATERIA - TERMINO TEMATICO
9 (RLIN) 178
Topical term or geographic name as entry element DERECHO CONSTITUCIONAL
650 #0 - ASIENTO SECUNDARIO DE MATERIA - TERMINO TEMATICO
9 (RLIN) 1954
Topical term or geographic name as entry element RECURSOS
650 #0 - ASIENTO SECUNDARIO DE MATERIA - TERMINO TEMATICO
9 (RLIN) 2083
Topical term or geographic name as entry element RECURSO DE APELACIÓN (PROCESAL)
650 #0 - ASIENTO SECUNDARIO DE MATERIA - TERMINO TEMATICO
9 (RLIN) 2102
Topical term or geographic name as entry element RECURSO DE QUEJA (PROCESAL)
942 ## - ADDED ENTRY ELEMENTS (KOHA)
Source of classification or shelving scheme
Koha item type Libros
Classification part 347.956
Item part HIT
Existencias
Withdrawn status Lost status Source of classification or shelving scheme Damaged status Not for loan Permanent Location Current Location Date acquired Total Checkouts Total Renewals Full call number Barcode Checked out Date last seen Date checked out Price effective from Koha item type
          Biblioteca Poder Judicial Sur Biblioteca Poder Judicial Sur 2018-09-10 1 4 347.956 HIT 0507 2024-05-10 2024-02-23 2024-02-23 2018-09-10 Libros

12 de Octubre 789 Ushuaia - Tel:  54(02901)441571
Horario de Atención: 8.00 a 17.00 hs. 
bibliotecaush@justierradelfuego.gov.ar
koha@justierradelfuego.gov.ar
Seguinos en nuestras redes @bibliojustdf 

Con tecnología Koha